Discapacidad, arte y participación social: El arte como herramienta de inclusión.
Uloženo v:
| Hlavní autor: | |
|---|---|
| Médium: | Kniha |
| Vydáno: |
Saarbrücken, Alemania:
Editorial Académica Española,
2012.
|
| Témata: | |
| Tagy: |
Přidat tag
Žádné tagy, Buďte první, kdo vytvoří štítek k tomuto záznamu!
|
MARC
| LEADER | 00000nam a22000007a 4500 | ||
|---|---|---|---|
| 003 | CL-VaPUC | ||
| 005 | 20250407202451.0 | ||
| 008 | 250317t2012 ||||| |||| 00| 0 eng d | ||
| 999 | |c 447416 |d 447414 | ||
| 020 | |a 978-3-659-05255-2 | ||
| 040 | |c Pontificia Universidad Católica de Valparaíso | ||
| 082 | |a 305.908 LLO 2012 | ||
| 100 | |9 897007 |a Llompart, Paula Beatriz |e autora | ||
| 245 | |a Discapacidad, arte y participación social: |b El arte como herramienta de inclusión. | ||
| 260 | |a Saarbrücken, Alemania: |b Editorial Académica Española, |c 2012. | ||
| 300 | |a 73 páginas. | ||
| 500 | |a c.1-c.2. Instituto Arcos.08-01-2025. | ||
| 583 | |c 20250317 |k Gabriela Rodríguez Cuevas | ||
| 650 | 0 | |9 306277 |a Arte y sociedad |x Inclusión social |x Discapacidad | |
| 942 | |2 ddc |c BK |n 0 | ||
| 952 | |0 0 |1 0 |2 ddc |4 0 |6 305_908000000000000_LLO_2012 |7 0 |8 A |9 601423 |a BIBINC |b BIBINC |d 2025-03-17 |e Instituto Arcos |i 5666308 |o 305.908 LLO 2012 |p 5666308 |r 2025-03-17 |t 1 |w 2025-03-17 |y BK |k IFP | ||
| 952 | |0 0 |1 0 |2 ddc |4 0 |6 305_908000000000000_LLO_2012 |7 0 |8 A |9 601424 |a BIBINC |b BIBINC |d 2025-03-17 |e Instituto Arcos |i 5666309 |o 305.908 LLO 2012 |p 5666309 |r 2025-03-17 |t 2 |w 2025-03-17 |y BK |k IFP | ||